Zvyšovanie obsahu biogénnych prvkov vo vode v reaktore s fluidizovanou vrstvou
Guardado en:
| Autor principal: | |
|---|---|
| Otros Autores: | |
| Formato: | Manuscrito Libro |
| Lenguaje: | eslovaco |
| Publicado: |
2018
|
| Materias: | |
| Acceso en línea: | http://is.stuba.sk/zp/portal_zp.pl?podrobnosti=117928 |
| Etiquetas: |
Sin Etiquetas, Sea el primero en etiquetar este registro!
|
MARC
| LEADER | 00000ntm a22000003a 4500 | ||
|---|---|---|---|
| 001 | stuzp70081 | ||
| 003 | SK-STU | ||
| 005 | 20180623211412.1 | ||
| 007 | ta | ||
| 008 | 150427s2015----xo-----f-mn---000-0-slo-d | ||
| 040 | |a STU |b slo | ||
| 041 | 0 | |a slo | |
| 100 | 1 | |a Farkaš, Adrián |u 046290 |4 aut |U FCHPT Ústav chemického a environmentálneho inžinierstva |T FCHPT Oddelenie environmentálneho inžinierstva |X 76147 |U C6290 |Y 120 |7 76147 | |
| 242 | 0 | 1 | |a Increasing the content of biogenic elements in water in a fluidized bed reactor |y eng |
| 245 | 1 | 0 | |a Zvyšovanie obsahu biogénnych prvkov vo vode v reaktore s fluidizovanou vrstvou |
| 260 | |c 2018 | ||
| 650 | 4 | |a fluidizáca |2 slo | |
| 650 | 4 | |a pitná voda |2 slo | |
| 650 | 4 | |a rekarbonizácia |2 slo | |
| 650 | 4 | |a úprava vody |2 slo | |
| 650 | 4 | |a horčík |2 slo | |
| 650 | 4 | |a vápnik |2 slo | |
| 650 | 4 | |a tvrdosť vody |2 slo | |
| 650 | 4 | |a calcium |2 eng | |
| 650 | 4 | |a magnesium |2 eng | |
| 650 | 4 | |a drinking water |2 eng | |
| 650 | 4 | |a recarbonisation |2 eng | |
| 650 | 4 | |a water hardness |2 eng | |
| 650 | 4 | |a treated water |2 eng | |
| 650 | 4 | |a fluidization |2 eng | |
| 700 | 1 | |a Derco, Ján |u 046290 |k Z1 |4 ths |U FCHPT Ústav chemického a environmentálneho inžinierstva |T FCHPT Oddelenie environmentálneho inžinierstva |X 3304 |U C6290 |Y 120 |7 A000003304 | |
| 856 | 4 | |u http://is.stuba.sk/zp/portal_zp.pl?podrobnosti=117928 | |